La psicología norteamericana /

Guardado en:
Autor Principal: Zazzo, Rene
Formato: Libro
Publicado: Buenos Aires : Paidos, 1964
Materias:
Etiquetas: Agregar Etiqueta
Sin Etiquetas, Sea el primero en etiquetar este registro!
LEADER 00428nam a22001575a 4500
001 CEM.cems006753
005 20060214000000.0
008 130507s1964##################000#0#####d
003 CEMS
082 0 4 |a 150.973 
100 1 |a Zazzo, Rene 
245 1 0 |a La psicología norteamericana / 
260 |a Buenos Aires :  |b Paidos,  |c 1964 
300 |a 174 p. 
653 |a Psicología eeuu 
859 |a CEMS  |b BIB. CEMS - 11 de abril  |h 150.973  |i Z19  |p 287.73  |t Ej.1